| Tag |
First Indicator |
Second Indicator |
Subfields |
| LEADER |
00000cam a2200000 4500 |
| 001 |
in00000332011 |
| 005 |
20151011060439.0 |
| 008 |
711001c19711917nyua 00000 eng |
| 010 |
|
|
|a 70165728
|
| 020 |
|
|
|a 0405037171
|
| 035 |
|
|
|a (OCoLC)00194637
|
| 035 |
|
|
|9 ABM5760AM
|
| 040 |
|
|
|a DLC
|c DLC
|d OCL
|d TXA
|d UtOrBLW
|
| 043 |
|
|
|a n-us---
|
| 049 |
|
|
|a TXAM
|c [1534652]
|
| 050 |
0 |
0 |
|a BV1515
|b .R5 1971
|
| 082 |
0 |
|
|a 268
|
| 100 |
1 |
|
|a Rice, Edwin Wilbur,
|d 1831-1929.
|
| 245 |
1 |
4 |
|a The Sunday school movement 1780-1917, and the American Sunday-School Union 1817-1917.
|
| 264 |
|
1 |
|a New York :
|b Arno Press,
|c 1971
|
| 264 |
|
4 |
|c [©1917]
|
| 300 |
|
|
|a 501 pages :
|b illustrations ;
|c 23 cm.
|
| 336 |
|
|
|a text
|b txt
|2 rdacontent
|
| 337 |
|
|
|a unmediated
|b n
|2 rdamedia
|
| 338 |
|
|
|a volume
|b nc
|2 rdacarrier
|
| 490 |
1 |
|
|a American education: its men, ideas, and institutions. Series II
|
| 610 |
2 |
0 |
|a American Sunday-School Union.
|
| 650 |
|
0 |
|a Sunday schools
|z United States.
|
| 830 |
|
0 |
|a American education--its men, ideas, and institutions. Series II.
|
| 999 |
|
|
|a MARS
|
| 999 |
f |
f |
|s 2849a686-5151-358c-8007-2bdc8442b4f3
|i 289db1ec-b030-3b7f-a859-6f87f0455520
|t 0
|
| 952 |
f |
f |
|p ric
|a Texas A&M University
|b Rellis Campus
|c Joint Library Facility
|d Remote Storage
|t 0
|e BV1515 .R5 1971
|h Library of Congress classification
|i unmediated -- volume
|m A14801799968
|
| 998 |
f |
f |
|a BV1515 .R5 1971
|t 0
|l Remote Storage
|